| 000 | 00403nam a2200181Ia 4500 | ||
|---|---|---|---|
| 005 | 20240823052216.0 | ||
| 008 | 240823s9999||||xx |||||||||||||| ||und|| | ||
| 041 | _aENGLISH | ||
| 082 | _A300 N4 | ||
| 100 | _aKhanna | ||
| 245 | 0 | _aSocial Science Simplified | |
| 250 | _a1st | ||
| 260 |
_c1994 _b"AP,Delhi" |
||
| 500 | _aTransfered | ||
| 650 |
_aGeneral _bGeneral |
||
| 942 | _cBK | ||
| 999 |
_c221333 _d221333 |
||